Personalizácia pracovného procesu - koučink

Koučovanie s cieľom zvyšovania motivácie zamestnancov k vyššej produktivite a dosahovaniu vyšších ziskov firiem. Permanentná pracovná adaptácia. Profesná schopnosť a spôsobilosť. Tvorba identity zamestnanca. Psychodiagnostika latentných dispozícií a koučink. Personálne modelovanie v stratégii koučov...

ver descrição completa

Na minha lista:
Detalhes bibliográficos
Autor principal: Kozoň, Antonín
Formato: Capítulo de Livro
Idioma:eslovaco
Assuntos:
Tags: Adicionar Tag
Sem tags, seja o primeiro a adicionar uma tag!

MARC

LEADER 00000naa a2200000 4500
001 r049014
005 20250228130331.9
041 0 |a slo 
044 |a SK 
245 1 0 |a Personalizácia pracovného procesu - koučink  |c Antonín Kozoň 
520 |a Koučovanie s cieľom zvyšovania motivácie zamestnancov k vyššej produktivite a dosahovaniu vyšších ziskov firiem. Permanentná pracovná adaptácia. Profesná schopnosť a spôsobilosť. Tvorba identity zamestnanca. Psychodiagnostika latentných dispozícií a koučink. Personálne modelovanie v stratégii koučovania. Proces hlbinnopsychologického koučovania. Koučink manažéra. Manažér ako kouč. 
610 2 0 |a koučovanie 
610 2 0 |a zamestnanci 
610 2 0 |a manažéri 
610 2 0 |a motivácia pracovná 
610 2 0 |a identita 
610 2 0 |a psychológia podniková 
610 2 0 |a psychológia práce 
610 2 0 |a rozvoj pracovníkov 
610 2 0 |a diagnostikácia 
610 2 0 |a personalizácia 
100 1 |a Kozoň, Antonín